000 00895nas a2200289 4500
001 BR0604047
003 BR-BrBNA
005 20231205110402.0
007 ta
008 230509b bl.|||p| |||| 00| 00por d
040 _aBR-BrBNA
_bpor
_cBiblioteca Nacional de Agricultura
041 _a(Pt)
072 _aL73
100 1 _aCaron, L.
100 1 _aBrum, M.C.S.
100 1 _aMoraes, M.P.
100 1 _aGolde, W.T.
100 1 _aArns, C.W.
100 1 _aGrubman, M.J.
245 1 _aGranulocyte-macrophage colony-stimulating factor does not increase the potency or efficacy of a foot-and-mouth disease vírus subunit vaccine
650 _aSUÍNO
650 _aAFTOSA
650 _aVACINA
773 0 _tPesquisa Veterinária Brasileira (Brazil)
_xISSN 0100-736X
_g(Jul-Sep 2005), v. 25(3) p. 150-158
_wBR0604047
909 _a202311
_bLúcia
_c55
_dLúcia Elande
942 _2AGRIS
_n0
_cANA
999 _c187191
_d187191